| 000 | 00620nam a2200229Ia 4500 | ||
|---|---|---|---|
| 005 | 20260320201903.0 | ||
| 008 | 008 262003s9999 xx 000 0 eng d | ||
| 037 | _aEBOOK | ||
| 040 | _aCRL | ||
| 040 | _beng | ||
| 040 | _cCRL | ||
| 041 | _2eng | ||
| 041 | _aeng | ||
| 084 | _qCRL | ||
| 100 | _aRippon | ||
| 245 | 0 | _aLearn React with TypeScript: A beginner's guide to building real-world, production-ready web apps with React 19 and TypeScript | |
| 260 | _bIEEE | ||
| 856 | _uhttps://ieeexplore.ieee.org/servlet/opac?bknumber=11098999 | ||
| 942 | _cEBOOK | ||
| 999 |
_c1724101 _d1724101 |
||